| 000 | 01125nam a22002537a 4500 | ||
|---|---|---|---|
| 005 | 20170124103201.0 | ||
| 010 | _aB-149279 | ||
| 020 | _c400.00 | ||
| 035 | _aB-149279 | ||
| 037 | _bCen Lib/Ret | ||
| 040 |
_aDPL _bHN |
||
| 082 |
_a386 _bमिश्रम |
||
| 100 |
_aमिश्र, महानारायण _991765 |
||
| 245 |
_aबीमा सिद्धान्त एवं व्यवहार / _cमहानारायण मिश्र |
||
| 246 |
_aBima siddhant evam vyavahar / _bby Mahanarayan Mishra |
||
| 260 |
_aइलाहाबाद _bलोकभारती प्रकाशन _c2004 |
||
| 270 |
_bइलाहाबाद _a15-ए, महात्मा गाँधी मार्ग |
||
| 300 |
_a670पृ. _c21सेमी (सजिल्द) |
||
| 650 |
_aबीमा -- विकास एवं संगठन _986997 |
||
| 650 |
_aजीवन बीमा प्रसंविदा _991766 |
||
| 650 |
_aInsurance - D & Organization _991767 |
||
| 650 |
_aLife insurance covenant _991768 |
||
| 942 |
_2ddc _cHN _h386 _mमिश्रम |
||
| 999 |
_c120650 _d120650 |
||